000
00311nam a2200109Ia 4500
008
201210s9999 xx 000 0 und d
100
_a
O'Laoghaire, D. T. and Himmelblau, D. M.
245
0
_a
Optimal Expansion of a Water Resources System
260
_a
New York
_b
Academic Press
_c
1974
300
_a
273
942
_c
BK
999
_c
5244
_d
5244